000 00555nam a2200229Ia 4500
005 20250425162432.0
008 250425s9999 xx 000 0 und d
020 _a8484761363
041 _aspa
082 _a631.7
100 _aALBIAC MURILLO, JOSE
245 0 _aLOS INSTRUMENTOS ECONOMICOS EN LA GESTION DEL AGUA EN LA AGRICULTURA
250 _a1A ED.
260 _aEspaƱa
_bMUNDI PRENSA
_c2003
260 _aMADRID
300 _a127
650 _aAGRICULTURA
650 _aAGUA
650 _aREGADIOS
942 _c01
010 _a73754
999 _c229161
_d229161